Statistics for Магическая битва

Click here to take the quiz!

General Stats

  • This quiz has been taken 3 times
  • The average score is 14 of 22

Answer Stats

HintAnswer% Correct
Главный геройИтадори
100%
АзартникХакари
100%
Сильнейший магГоджо
100%
Сильнейший персонажСукуна
100%
Сильнейшая женщинаЮки
100%
ЛососьИнумаки
100%
Нынешний обладатель 10 тенейМегуми
100%
Максимальное количество Черных Молний у Нанами4
100%
Лучший братЧосо
67%
ВоронаМей Мей
67%
Отец МегумиТоджи
67%
Больше ПЭ чем у ГоджоЮта
67%
Черный который помогал ЮтеМигель
67%
ПандаПанда
67%
Сколько пальцев съел Итадори на момент того, как Сукуна передал силы Мегуми19
67%
Медиум и ученик НанамиИно
33%
Усиливает техники танцемУтахиме
33%
530000 IQАой Тодо
33%
Одноразовая ПТКашимо
33%
Священное место маговКиото
0%
Отец Маки и МайОги
0%
Учитель Токийской школы без ПТКусакабе
0%

Score Distribution

Percentile by Number Answered

Percent of People with Each Score

Your Score History

You have not taken this quiz